Представление документа в формате MARC21

Поле Инд. ПП Название Значение
Тип записи a
Библиографический уровень b
001 Контрольный номер e0dfe4f0464e4f00b488bc74331f4b66
005 Дата корректировки 20210828090914.0
040 a Служба первич. каталог. РИНЦ
041 0_ a Код языка текста rus
084 a Индекс другой классификации/Индекс ББК 60.5
097 a Чагина С.Г.
097 a Костикова Н.В.
100 1_ a Автор Юдина Т. Н.
q Полное имя Юдина Татьяна Николаевна
g Прочие сведения SPIN-код: 4150-5328
c Титул (звания) профессор; доктор социологических наук
i 100092935
k Кафедра социологии и гуманитарных наук; Факультет социальных и гуманитарных наук
u Дополнение Юдина Т. Н.
245 10 a Заглавие Вступительное слово главного редактора
550 a Прим. об изд. организации Кафедра социологии и гуманитарных наук; Факультет социальных и гуманитарных наук
650 04 a Основная рубрика социология
773 18 t Название источника Социальная политика и социология
b Сведения об издании Российский государственный социальный университет
c Москва
d Место и дата издания 2016
m Специф. данные журнал из перечня ВАК
n Примечание http://elibrary.ru/contents.asp?issueid=1602663
g Прочая информация Т. 15. - № 1 (114) . - С. 6 - 7
w Контрольный № источника 6975e9edec064f3da7eeb5d46ca9ed38
856 40 u URL http://elibrary.ru/item.asp?id=26598549
901 t Тип документа b
952 c Вид литературы статья в журнале